| Tag |
First Indicator |
Second Indicator |
Subfields |
| LEADER |
00000cam a2200000Ia 4500 |
| 001 |
in00002003162 |
| 005 |
20151031142922.0 |
| 008 |
830923s1982 sp 000 0aspa d |
| 015 |
|
|
|a Sp***
|
| 020 |
|
|
|a 8402088414
|
| 035 |
|
|
|a (OCoLC)ocm09940445
|
| 040 |
|
|
|a FQG
|c FQG
|d IUL
|d OCL
|d UtOrBLW
|
| 049 |
|
|
|a TXAM
|
| 090 |
|
|
|a PQ6621.E55
|b Z47 1982
|
| 100 |
1 |
|
|a León, María Teresa.
|
| 245 |
1 |
0 |
|a Memoria de la melancolía /
|c María Teresa León.
|
| 250 |
|
|
|a 1a. ed. en Libro amigo.
|
| 264 |
|
1 |
|a Barcelona :
|b Bruguera,
|c 1982.
|
| 300 |
|
|
|a 382 pages ;
|c 18 cm.
|
| 336 |
|
|
|a text
|b txt
|2 rdacontent
|
| 337 |
|
|
|a unmediated
|b n
|2 rdamedia
|
| 338 |
|
|
|a volume
|b nc
|2 rdacarrier
|
| 490 |
1 |
|
|a Libro amigo ;
|v 1502/924
|
| 536 |
|
|
|a From the Biblioteca Asensio April 2004.
|
| 600 |
1 |
0 |
|a León, María Teresa.
|
| 650 |
|
0 |
|a Authors, Spanish
|y 20th century
|v Biography.
|
| 830 |
|
0 |
|a Libro amigo ;
|v 1502/924.
|
| 948 |
|
|
|a cataloged
|b h
|c 2004/11/19
|d c
|e cmulkey
|f 8:45:48 am
|
| 994 |
|
|
|a C0
|b TXA
|
| 999 |
|
|
|a MARS
|
| 999 |
f |
f |
|s d2a0ebac-74c4-32a6-b72e-6fd5b7fec746
|i b0106ffd-6f27-39b7-991a-97a56d713c30
|t 0
|
| 952 |
f |
f |
|p ric
|a Texas A&M University
|b Rellis Campus
|c Joint Library Facility
|d Remote Storage
|t 0
|e PQ6621.E55 Z47 1982
|h Library of Congress classification
|i unmediated -- volume
|m A14831601747
|
| 998 |
f |
f |
|a PQ6621.E55 Z47 1982
|t 0
|l Remote Storage
|